Postúpenie a započítanie pohľadávok v jednoduchom účtovníctve

Obsahové vymedzenie postúpenia pohľadávky. Účtovanie o postúpení a nadobudnutí pohľadávky. Ilustračné príklady.

Enregistré dans:
Détails bibliographiques
Auteur principal: Gášpárová, Eva
Format: Chapitre de livre
Langue:slovaque
Sujets:
Tags: Ajouter un tag
Pas de tags, Soyez le premier à ajouter un tag!

MARC

LEADER 00000naa a2200000 4500
001 0243073
005 20251020153435.9
041 0 |a slo 
044 |a SK 
245 1 0 |a Postúpenie a započítanie pohľadávok v jednoduchom účtovníctve  |c Eva Gášpárová 
520 |a Obsahové vymedzenie postúpenia pohľadávky. Účtovanie o postúpení a nadobudnutí pohľadávky. Ilustračné príklady. 
610 2 0 |a pohľadávky 
610 2 0 |a účtovníctvo jednoduché 
610 2 0 |a účtovanie 
610 2 0 |a veritelia 
610 2 0 |a postupy účtovné 
100 1 |a Gášpárová, Eva